000
00245nam a22001217a 4500
003
SGT
082
_a
370
_b
BIL
100
_a
BILL & CARALYN
245
_a
PLAYING YOUR A GAME
260
_a
USA
_b
ROKETDOG
_c
2006
300
_a
314
942
_2
ddc
_c
BK
999
_c
22049
_d
22049